00482nam a2200169 a 4500001000400000003000900004008004100013040002800054082002200082100003200104245004900136260003100185300001000216490002100226650002600247650003900273491CO-ViMGA141112s2004 ck r 000 u spa d aCO-ViMGAbspacCO-ViMGA04aR350.7247132 C6561 aColombia. Leyes, decretos, 10aRegimen colombiano del impuesto a las ventas aBogotá : bLegis, c1997 a908 p aSiempre al día14aIMPUESTO A LAS VENTAS14aIMPUESTOS - LEGISLACION COLOMBIANA